Normal view MARC view

Entry Nome pessoal

Number of records used in: 1

001 - NÚMERO DE CONTROLE

  • campo de controle: 823

003 - IDENTIFICADOR DO NÚMERO DE CONTROLE

  • campo de controle: Br

005 - DATA E HORÁRIO DA ÚLTIMA TRANSAÇÃO

  • campo de controle: 20250408160737.0

008 - CAMPO DE DADOS FIXOS

  • campo de controle de tamanho fixo: 120227|| acnacaban aaaa

035 ## - NÚMERO DE CONTROLE DO SISTEMA

  • Número de Controle do Sistema: 2012022710211204med

040 ## - FONTE DA CATALOGAÇÃO

  • Instituição da catalogação original: blrjbn
  • Instituição que transcreveu o registro: blrjbn

100 1# - CABEÇALHO--NOME PESSOAL

  • Nome pessoal: Psonha,
  • Datas associadas ao nome: 1980-
  • Função do autor por extenso: ILUSTRADOR

400 1# - REMISSIVA VER--NOME PESSOAL

  • Nome pessoal: Camacho, Priscilla Judith
  • Datas associadas ao nome: 1980-

670 ## - FONTE POSITIVA DOS DADOS

  • Citação da fonte positiva dos dados: Sec. de: A onça e o saci. 2011
  • Dados encontrados na fonte localizada no subcampo: (ilustradora)

670 ## - FONTE POSITIVA DOS DADOS

  • Citação da fonte positiva dos dados: http://psonha.blogspot.com

670 ## - FONTE POSITIVA DOS DADOS

  • Citação da fonte positiva dos dados: Inf. da autora
  • Dados encontrados na fonte localizada no subcampo: (n.c.: Priscilla Judith Camacho; d.n.: 23/05/1980, em São Paulo, SP)

675 ## - FONTE NEGATIVA DOS DADOS

  • Citação da fonte positiva dos dados: EDA 27/2/2012
  • Citação da fonte positiva dos dados: http://authorities.loc.gov

Powered by Koha